Statystyki dla Alkohole wymienione w utworach SBM Label

Kliknij tutaj aby rozwiązać quiz!

Ogólne statystyki

  • Ten quiz został rozwiązany 304 razy
  • Średni wynik to 6 z 17

Statystyki odpowiedzi

HintOdpowiedź% Poprawnych
Bedoes & Kubi Producent ft. Taco Hemingway - Chłopaki nie płacząBrowar
90%
Mata - SchodkiPiwo
89%
Mata - SzafirBombay Sapphire
67%
Mata - Wino SangritaSangrita
61%
SB Maffija x 2115 - Proste faktySzampan
54%
White 2115 - MorganCaptain Morgan
40%
White 2115 - MorganWhiskey
38%
White 2115 - CaliforniaCalifornia
33%
SB Maffija - Zielona szkołaWyborowa
24%
Mata - SchodkiDesperados
15%
Kacperczyk - Artysta z ASPPerła Export
13%
Solar feat. KACPERCZYK, Mata, Jan-rapowanie - ZobaczymyWiśniówa
12%
SB Maffija - A nie pamiętasz jak?Wiśniówa
12%
Jan - rapowanie & NOCNY ft. Szpaku - Niech To UsłysząMoet
10%
White 2115, Jan-rapowanie, Solar, Lanek - Znowu wieje wiatrŻywiec Jasne Lekkie
10%
Kacperczyk - Cyrk ft. HodakMojito
2%
Jan-rapowanie & NOCNY - RuchyWyborowa Wiśnia
2%

Rozkład punktacji

Percentyl według liczby udzielonych odpowiedzi

Procent ludzi z każdym wynikiem

Twoja historia wyników

Nie rozwiązałeś tego quizu